Development of fisheries in Bangladesh: (Record no. 34)
[ view plain ]
| 000 -LEADER | |
|---|---|
| fixed length control field | 00739nam a22002297a 4500 |
| 001 - CONTROL NUMBER | |
| control field | BD-DhSAU 34 |
| 003 - CONTROL NUMBER IDENTIFIER | |
| control field | BD-DhSAU |
| 005 - DATE AND TIME OF LATEST TRANSACTION | |
| control field | 20140609105955.0 |
| 008 - FIXED-LENGTH DATA ELEMENTS--GENERAL INFORMATION | |
| fixed length control field | 131208b Bg a|||| |||| 001 0 eng d |
| 020 ## - INTERNATIONAL STANDARD BOOK NUMBER | |
| International Standard Book Number | 9843204019 |
| 040 ## - CATALOGING SOURCE | |
| Transcribing agency | BD-DhSAu |
| 082 ## - DEWEY DECIMAL CLASSIFICATION NUMBER | |
| Edition number | 22 |
| Classification number | 639.309492 / MAD |
| 100 ## - MAIN ENTRY--PERSONAL NAME | |
| Personal name | Mazid, M A |
| 245 ## - TITLE STATEMENT | |
| Title | Development of fisheries in Bangladesh: |
| Remainder of title | Plants and strategies for income generation and poverty alleviation / |
| Statement of responsibility, etc. | M A Mazid |
| 260 ## - PUBLICATION, DISTRIBUTION, ETC. (IMPRINT) | |
| Place of publication, distribution, etc. | Dhaka, Bangladesh: |
| Name of publisher, distributor, etc. | Nasima Mazid |
| Date of publication, distribution, etc. | 2002 |
| 300 ## - PHYSICAL DESCRIPTION | |
| Extent | xxiii, 176 p. : |
| Other physical details | ill. ; |
| Dimensions | 25 cm. |
| 504 ## - BIBLIOGRAPHY, ETC. NOTE | |
| Bibliography, etc | Includes bibliographical references. |
| 650 ## - SUBJECT ADDED ENTRY--TOPICAL TERM | |
| Topical term or geographic name as entry element | Fisheries |
| Geographic subdivision | Bangladesh |
| 650 ## - SUBJECT ADDED ENTRY--TOPICAL TERM | |
| Topical term or geographic name as entry element | Fisheries |
| 650 ## - SUBJECT ADDED ENTRY--TOPICAL TERM | |
| Topical term or geographic name as entry element | Poverty alleviation |
| Geographic subdivision | Bangladesh |
| 650 ## - SUBJECT ADDED ENTRY--TOPICAL TERM | |
| Topical term or geographic name as entry element | Poverty alleviation |
| 942 ## - ADDED ENTRY ELEMENTS (KOHA) | |
| Source of classification or shelving scheme | Dewey Decimal Classification |
| Koha item type | Book |
| Withdrawn status | Lost status | Source of classification or shelving scheme | Damaged status | Not for loan | Home library | Branch Name | Date acquired | Total Checkouts | Total Renewals | Full call number | Barcode | Date last seen | Date checked out | Price effective from | Koha item type | Collection code | Shelving location |
|---|---|---|---|---|---|---|---|---|---|---|---|---|---|---|---|---|---|
| Dewey Decimal Classification | SAU Library | SAU Library | 08/12/2013 | 1 | 1 | 639.309492 / MAD | 32433 | 24/11/2014 | 10/09/2014 | 08/12/2013 | Book | ||||||
| Dewey Decimal Classification | SAU Library | SAU Library | 08/12/2013 | 1 | 639.309492 / MAD | 32434 | 08/06/2017 | 14/05/2017 | 08/12/2013 | Book | |||||||
| Dewey Decimal Classification | SAU Library | SAU Library | 08/12/2013 | 2 | 639.309492 / MAD | 32435 | 27/06/2024 | 06/06/2024 | 08/12/2013 | Book | |||||||
| Dewey Decimal Classification | SAU Library | SAU Library | 08/12/2013 | 1 | 639.309492 / MAD | 32436 | 15/11/2022 | 31/10/2022 | 08/12/2013 | Book | |||||||
| Dewey Decimal Classification | Not For Loan | SAU Library | SAU Library | 21/08/2007 | 639.309492 / MAD | 32432 | 18/04/2015 | 18/04/2015 | Book | Reference | Reference |
